Normal view
MARC view
Entry Personal Name
001 - CONTROL NUMBER
- control field: 21241
003 - CONTROL NUMBER IDENTIFIER
- control field: dpl
005 - DATE AND TIME OF LATEST TRANSACTION
- control field: 20100923113517.0
008 - FIXED-LENGTH DATA ELEMENTS
- fixed length control field: 100923|||a|||||| | ||| d
040 ## - CATALOGING SOURCE
- Original cataloging agency: dpl
- Transcribing agency: dpl
100 ## - HEADING--PERSONAL NAME
- Personal name: Iyer, geetha
670 ## - SOURCE DATA FOUND
- Source citation: Work cat.: (dpl)15179: Jain, Satish 1584, BPB course on computer concepts (CCC) :, 2008
670 ## - SOURCE DATA FOUND
- Source citation: Work cat.: (dpl)15179: Jain, Satish 1584, BPB course on computer concepts (CCC) :, 2008
